[Event "DOM-chT"]
[Site "Santiago de los Caballeros"]
[Date "2017.08.17"]
[Round "1.1"]
[White "Guzman, Christopher"]
[Black "Jimenes, Luis Alberto"]
[Result "1-0"]
[WhiteElo "2369"]
[BlackElo "1774"]
[PlyCount "85"]
[EventDate "2017.08.17"]
[EventType "team-swiss"]
[EventRounds "6"]
[EventCountry "DOM"]
[SourceTitle "EXT 2019"]
[Source "ChessBase"]
[SourceDate "2018.10.10"]
[SourceVersion "1"]
[SourceVersionDate "2018.10.10"]
[SourceQuality "1"]
[WhiteTeam "Therrestra Espaillat"]
[BlackTeam "Monte Plata"]
[WhiteTeamCountry "DOM"]
[BlackTeamCountry "DOM"]

1. e4 e5 2. Nf3 d6 3. d4 exd4 4. Nxd4 Nf6 5. Nc3 Be7 6. g3 0-0 7. Bg2 c6 8. 0-0 Nbd7 9. Nf5 Nb6 10. Nxe7+ Qxe7 11. a4 Be6 12. a5 Nbd7 13. Bf4 Ne5 14. Qd4 c5 15. Qd2 Nc4 16. Qc1 Nh5 17. Bg5 f6 18. Be3 Nxe3 19. Qxe3 g6 20. Rad1 Rfd8 21. Rd2 Ng7 22. Rfd1 a6 23. Nd5 Bxd5 24. Rxd5 Rab8 25. Qd3 Ne8 26. b3 b5 27. axb6 Rxb6 28. Rxc5 dxc5 29. Qxd8 Qxd8 30. Rxd8 Kf7 31. Rc8 Rb5 32. Bf1 Ra5 33. Rc6 Ke7 34. Rxa6 Rxa6 35. Bxa6 Kd6 36. f4 Nc7 37. Bc4 Na8 38. Kf2 Nb6 39. Kf3 Nd7 40. h4 h6 41. Kg4 Nf8 42. h5 g5 43. Kf5 1-0